书目信息 |
| 题名: |
财务分析
|
|
| 作者: | 董红杰 主编 | |
| 分册: | ||
| 出版信息: | 成都 西南财经大学出版社 2016 |
|
| 页数: | 260页 | |
| 开本: | 26cm | |
| 丛书名: | ||
| 单 册: | ||
| 中图分类: | F231.2 | |
| 科图分类: | ||
| 主题词: | 会计分析--高等教育--教材 | |
| 电子资源: | ||
| ISBN: | 978-7-5504-2422-7 | |
| 000 | 00836nam0 2200241 45 | |
| 001 | 012001001194 | |
| 005 | 20140920091302.0 | |
| 010 | @a978-7-5504-2422-7@dCNY43.00 | |
| 100 | @a20161012d2016 em y0chiy50 ea | |
| 101 | 0 | @achi |
| 102 | @aCN@b510000 | |
| 105 | @ay z 000yy | |
| 106 | @ar | |
| 200 | 1 | @a财务分析@9Cai Wu Fen Xi@f董红杰主编 |
| 210 | @a成都@c西南财经大学出版社@d2016 | |
| 215 | @a260页@d26cm | |
| 300 | @a21世纪高等教育应用型系列规划教材 | |
| 330 | @a本书主要通过ZTE公司的真实案例对财务分析的基本理论和基本方法进行阐述,并运用这些方法对ZTE公司的主要财务报表和各方面的能力进行分析,较为系统地讨论了财务分析学的整体结构和重点领域。 | |
| 606 | 0 | @a会计分析@x高等教育@j教材 |
| 690 | @aF231.2@v5 | |
| 701 | 0 | @a董红杰@9Dong Hong Jie@4主编 |
| 801 | 0 | @aCN@b上海新华@c20180901 |
| 905 | @b1156014-18@dF231.2@e559@f5 | |
| 财务分析/董红杰主编.-成都:西南财经大学出版社,2016 |
| 260页;26cm |
| 21世纪高等教育应用型系列规划教材 |
| ISBN 978-7-5504-2422-7:CNY43.00 |
| 本书主要通过ZTE公司的真实案例对财务分析的基本理论和基本方法进行阐述,并运用这些方法对ZTE公司的主要财务报表和各方面的能力进行分析,较为系统地讨论了财务分析学的整体结构和重点领域。 |
| ● |
| 相关链接 |
|
|
|
|
正题名:财务分析
索取号:F231.2/559
 
预约/预借
| 序号 | 登录号 | 条形码 | 馆藏地/架位号 | 状态 | 备注 |
| 1 | 1156014 | 211560149 | 第一样本阅览室/ [索取号:F231.2/559] | 在馆 | |
| 2 | 1156015 | 211560158 | 第一借阅区/ [索取号:F231.2/559] | 在馆 | |
| 3 | 1156016 | 211560167 | 第一借阅区/ [索取号:F231.2/559] | 在馆 | |
| 4 | 1156017 | 211560176 | 密集书库-海洋学院/ [索取号:F231.2/559] | 在馆 | |
| 5 | 1156018 | 211560185 | 第一借阅区/ [索取号:F231.2/559] | 在馆 |